000 00366 a2200169 4500
001 173236
020 _a
040 _cMagnum
100 _aMazzetti, Maria
240 1 0 _aChuva que não acaba mais
_lpor
245 1 0 _aChuva que não acaba mais
300 _a24
362 0 _a1989
440 1 _aAo Livro Técnico
697 _aLITERATURA INFANTO
942 _cBK
999 _c173236
_d173236